000
00284nam a22001337a 4500
020
_a
9780673382230
041
_a
eng
080
_a
62
090
_b
SUL
100
_a
Sullivan, Rick.
245
_a
Insiders Guide to ENABLE: Tips and Techniques.
650
_a
Science
999
_c
279500
_d
279500
942
_c
BK